| 000 | 00645nam a2200241 a 4500 | ||
|---|---|---|---|
| 001 | nice12345678 | ||
| 003 | IN_TiNIC | ||
| 005 | 20260116013327.0 | ||
| 008 | 050524s1991 dela grp 000 0 eng | ||
| 020 |
_a8185574 _c150 |
||
| 082 | 0 | 0 |
_a266 _bBON |
| 100 | _aBonk, Jonathan J | ||
| 245 |
_aMissions and Money _b Affluence as a Western Missionary Problem |
||
| 260 |
_aDelhi _bIntercultural Publications _c1991 |
||
| 300 | _a170p | ||
| 500 | _aincludes index and biblioraphy | ||
| 505 | 2 | _aSelect Bibliography, Index | |
| 650 | _aMissions | ||
| 700 | 1 | _aBonk, Jonathan J | |
| 902 | _bSRS | ||
| 942 | _cBK | ||
| 999 |
_c10576 _d10576 |
||